000 00702nam a2200205Ia 4500
003 GCL
008 140319s9999 xx 000 0 ara d
040 _aGCL /
_cGCL
082 0 4 _a250
_bم ا
100 1 _aمنصور الرفاعى عبيد
245 1 0 _aالاسلام ومنهجة فى تربية الابناء /
_cمنصور الرفاعى عبيد
260 _aالقاهرة :
_bالهيئة المصرية العامة للكتاب ،
_c1992
300 _a173 ص ؛
_c24 سم
490 _aقضايا اسلامية معاصرة
_v0
650 0 4 _aالاسلام
650 0 4 _aالاسرة
650 0 4 _aالتربية الاسلامية
650 0 4 _aالابناء
942 _2ddc
_cBK
999 _c29197
_d29197